000 01321nam a2200265Ia 4500
003 OSt
005 20210826143535.0
008 210310s1970 mx ad gr 000 0 spa d
040 _aCO-JMCR
_cCO-JMCR
041 0 _aspa
082 0 4 _a338.52 /
_bH182s
_223
100 1 _aHaveman, Robert,
_eautor
_927760
245 1 3 _aEl sistema de precios /
_cRobert Haveman, Kenyon Knopf ; traducción, Susana Constante
260 _aMéxico :
_bAmorrortu,
_c1970.
300 _a319 páginas :
_bilustraciones y gráficas en blanco y negro ;
_c19 cm.
490 0 _aBiblioteca de Economía Política
504 _aBibliografía al final de cada capitulo.
505 _aTipos de economía y economización. -- Economía de mercado. Modelos de un sistema económico simple. -- Las familias como unidades de decisión. -- La empresa competitiva como unidad de decisión. -- Organización y funcionamiento de los mercados competitivos. -- El funcionamiento de un sistema de mercado perfecto. -- Interferencias en el proceso de ajuste - El problema del poder económico. -- Los modelos y la realidad.
650 1 4 _aCompetencia.
_927762
650 2 4 _aOferta y demanda.
_939727
650 2 4 _aPrecios y dinero
_939728
700 1 _aKnopf, Kenyon,
_eautor
_939729
700 1 _aConstante, Susana,
_etraducción
_95277
942 _2ddc
_cBK
999 _c12270
_d12270